[Event "CZE-chT2C 2223"]
[Site "Czech Republic"]
[Date "2022.11.20"]
[Round "3.7"]
[White "Janous, Petr"]
[Black "Buchar, Petr"]
[Result "1/2-1/2"]
[WhiteElo "1982"]
[BlackElo "1848"]
[PlyCount "50"]
[EventDate "2022.10.16"]
[EventType "team-tourn"]
[EventRounds "11"]
[EventCountry "CZE"]
[SourceTitle "EXT 2024"]
[Source "ChessBase"]
[SourceDate "2023.10.10"]
[SourceVersion "1"]
[SourceVersionDate "2023.10.10"]
[SourceQuality "1"]
[WhiteTeam "Liberec"]
[BlackTeam "Jicin"]
[WhiteTeamCountry "CZE"]
[BlackTeamCountry "CZE"]

1. e4 c5 2. c3 d5 3. exd5 Qxd5 4. d4 Nc6 5. Nf3 e5 6. dxe5 Qxd1+ 7. Kxd1 Bg4 8. Be2 0-0-0+ 9. Ke1 Bxf3 10. Bxf3 Nxe5 11. Be2 Nf6 12. Bg5 Be7 13. Nd2 Rhe8 14. Rd1 h6 15. Bxf6 Bxf6 16. Ne4 Rxd1+ 17. Kxd1 Rd8+ 18. Kc2 Be7 19. f4 Nc6 20. Bc4 f6 21. Re1 Bf8 22. Re2 Kc7 23. a3 a6 24. a4 Na5 25. Bf7 b6 1/2-1/2

[Event "Liberec Region-chT 2223"]
[Site "Czech Republic"]
[Date "2022.10.30"]
[Round "2.1"]
[White "Janous, Petr"]
[Black "Pors, Jaroslav"]
[Result "1/2-1/2"]
[WhiteElo "1968"]
[BlackElo "2116"]
[PlyCount "55"]
[EventDate "2022.10.09"]
[EventType "team-tourn"]
[EventRounds "11"]
[EventCountry "CZE"]
[SourceTitle "EXT 2024"]
[Source "ChessBase"]
[SourceDate "2023.10.10"]
[SourceVersion "1"]
[SourceVersionDate "2023.10.10"]
[SourceQuality "1"]

1. e4 c5 2. c3 e6 3. d4 d5 4. exd5 exd5 5. Be3 c4 6. b3 cxb3 7. axb3 Nf6 8. Nf3 Bd6 9. Bd3 0-0 10. 0-0 Bg4 11. Bg5 Nbd7 12. Nbd2 Qc7 13. Qc2 a6 14. c4 Rac8 15. c5 Bf4 16. Bf5 g6 17. Bxg4 Nxg4 18. Bxf4 Qxf4 19. h3 Nh6 20. g3 Qc7 21. Rfe1 Nf5 22. Kg2 Nb8 23. Qc3 Nc6 24. g4 Ng7 25. Ne5 Nxe5 26. Rxe5 Rfe8 27. Rae1 Qc6 28. Rxe8+ 1/2-1/2

[Event "Liberec Region-chT 2223"]
[Site "Czech Republic"]
[Date "2022.10.09"]
[Round "1.2"]
[White "Janous, Petr"]
[Black "Sykora, Ondrej"]
[Result "1-0"]
[WhiteElo "1968"]
[BlackElo "2084"]
[PlyCount "71"]
[EventDate "2022.10.09"]
[EventType "team-tourn"]
[EventRounds "11"]
[EventCountry "CZE"]
[SourceTitle "EXT 2024"]
[Source "ChessBase"]
[SourceDate "2023.10.10"]
[SourceVersion "1"]
[SourceVersionDate "2023.10.10"]
[SourceQuality "1"]

1. e4 c6 2. Nc3 d5 3. Nf3 Bg4 4. h3 Bh5 5. exd5 cxd5 6. g4 Bg6 7. Bb5+ Nc6 8. Ne5 Rc8 9. d4 e6 10. Qe2 Bd6 11. Nxg6 hxg6 12. Nxd5 Kf8 13. Bxc6 exd5 14. Bxb7 Rc7 15. Ba6 Re7 16. Be3 f5 17. gxf5 gxf5 18. 0-0-0 Nf6 19. Qb5 Qc7 20. Kb1 Kf7 21. Bd2 Ne4 22. Ba5 Qb8 23. Qxd5+ Kf6 24. Rhe1 Rxh3 25. Re3 Nxf2 26. Rxh3 Nxh3 27. Rf1 Nf4 28. Qc6 Re6 29. Bc3 Ke7 30. Bc4 Re4 31. Re1 Rxe1+ 32. Bxe1 g5 33. Qh1 Qe8 34. Qh6 Qg6 35. Qh8 Qe8 36. Qg7+ 1-0

[Event "CZE-chT2B 1718"]
[Site "Czech Republic"]
[Date "2017.12.03"]
[Round "4.3"]
[White "Liska, Jiri2222"]
[Black "Janous, Petr"]
[Result "1/2-1/2"]
[WhiteElo "2241"]
[BlackElo "2023"]
[PlyCount "123"]
[EventDate "2017.10.15"]
[EventType "team-tourn"]
[EventRounds "11"]
[EventCountry "CZE"]
[SourceTitle "EXT 2022"]
[Source "ChessBase"]
[SourceDate "2021.10.06"]
[SourceVersion "1"]
[SourceVersionDate "2021.10.06"]
[SourceQuality "1"]
[WhiteTeam "Turnov Zikuda II"]
[BlackTeam "Liberec Slavia"]
[WhiteTeamCountry "CZE"]
[BlackTeamCountry "CZE"]

1. Nf3 d5 2. d4 Nf6 3. c4 dxc4 4. Qa4+ Nc6 5. Nc3 Bg4 6. Ne5 Bd7 7. Qxc4 Be6 8. Qb5 a6 9. Nxc6 axb5 10. Nxd8 Kxd8 11. Nxb5 Rxa2 12. Rxa2 Bxa2 13. Nc3 Bc4 14. e4 Bxf1 15. Rxf1 e6 16. Ke2 Kd7 17. Bf4 Bb4 18. Kd3 Bxc3 19. bxc3 Ra8 20. Rb1 b6 21. Rb2 Kc6 22. f3 Ra3 23. Bd2 Nd7 24. h4 b5 25. d5+ exd5 26. exd5+ Kxd5 27. Rxb5+ c5 28. Bf4 Ra4 29. g3 Kc6 30. Rb1 Nb6 31. Bd2 h5 32. Re1 Ra7 33. Re8 Rd7+ 34. Ke2 Nd5 35. Rc8+ Rc7 36. Rh8 Re7+ 37. Kf2 Nf6 38. Bg5 Re8 39. Rxe8 Nxe8 40. Ke3 Kd5 41. Kd3 Nd6 42. Bd8 Nc4 43. Be7 Ne5+ 44. Ke3 Ng6 45. Bd8 Nf8 46. g4 Ne6 47. Be7 g6 48. Bf6 Nf8 49. Kd3 Nd7 50. Bg7 f6 51. Ke3 Ke6 52. Ke4 Ne5 53. gxh5 gxh5 54. Bf8 f5+ 55. Ke3 Kd5 56. Bh6 Ng6 57. Bg5 c4 58. f4 Nf8 59. Bf6 Ne6 60. Be5 Nc5 61. Bd4 Ne4 62. Be5 1/2-1/2

[Event "Brno op"]
[Site "Brno"]
[Date "2015.08.27"]
[Round "6"]
[White "Markovic, Ivan1111"]
[Black "Janous, Petr"]
[Result "1-0"]
[WhiteElo "2157"]
[BlackElo "1883"]
[PlyCount "57"]
[EventDate "2015.08.23"]
[EventType "swiss"]
[EventRounds "9"]
[EventCountry "CZE"]
[SourceTitle "EXT 2016"]
[Source "ChessBase"]
[SourceDate "2015.10.08"]
[SourceVersion "1"]
[SourceVersionDate "2015.10.08"]
[SourceQuality "1"]

1. e4 e5 2. Bc4 Nf6 3. Qe2 Nc6 4. Nf3 h6 5. c3 Be7 6. 0-0 0-0 7. d4 d6 8. h3 exd4 9. cxd4 d5 10. exd5 Nxd5 11. Nc3 Be6 12. Bb5 Nxc3 13. bxc3 Na5 14. Bd3 Bd5 15. Ne5 Nc6 16. Bf4 Nxe5 17. Bxe5 Bf6 18. c4 Bxe5 19. Qxe5 Bc6 20. d5 Bd7 21. c5 Re8 22. Qf4 b6 23. c6 Bxc6 24. dxc6 Qxd3 25. Qxc7 Rec8 26. Qb7 Qd6 27. Rad1 Qxc6 28. Rd8+ Kh7 29. Qxc6 1-0

[Event "Brno op"]
[Site "Brno"]
[Date "2015.08.23"]
[Round "1"]
[White "Janous, Petr"]
[Black "Roubalik, Jakub"]
[Result "0-1"]
[WhiteElo "1883"]
[BlackElo "2379"]
[PlyCount "76"]
[EventDate "2015.08.23"]
[EventType "swiss"]
[EventRounds "9"]
[EventCountry "CZE"]
[SourceTitle "EXT 2016"]
[Source "ChessBase"]
[SourceDate "2015.10.08"]
[SourceVersion "1"]
[SourceVersionDate "2015.10.08"]
[SourceQuality "1"]

1. e4 c5 2. b3 Nc6 3. Bb2 e6 4. Nf3 d5 5. exd5 exd5 6. Bb5 Nf6 7. Ne5 Qc7 8. Nxc6 bxc6 9. Bxf6 gxf6 10. Bd3 Qe5+ 11. Qe2 Rg8 12. Qxe5+ fxe5 13. g3 e4 14. Be2 Bg7 15. c3 Bh3 16. Na3 a5 17. Rb1 Ke7 18. Nc2 d4 19. cxd4 cxd4 20. Na3 d3 21. Bf1 Be6 22. Bg2 f5 23. 0-0 a4 24. Nc4 axb3 25. axb3 Bd4 26. Kh1 Ra2 27. f3 Bxc4 28. bxc4 Rxd2 29. fxe4 Ra8 30. Rfd1 Rc2 31. Rxd3 c5 32. exf5 Raa2 33. Rxd4 cxd4 34. Be4 Rxh2+ 35. Kg1 Kf6 36. Rb6+ Kg5 37. Rb3 Rhe2 38. Kf1 Rxe4 0-1